| 000 | 00715nam a2200205 a 4500 | ||
|---|---|---|---|
| 005 | 20210219160106.0 | ||
| 008 | 080729s1994 mx r 000 0 spa d | ||
| 035 | _aUPN01000158444 | ||
| 049 | _aUNE | ||
| 080 | _a5.001.5 (4) =20 MAN No.74 | ||
| 245 | 1 | 4 |
_aThe Management of science and technology in transition economies / _ced. by George. |
| 260 |
_aParís : _bUNESCO, _c1994. |
||
| 300 | _aii, 39 p. | ||
| 440 | 0 |
_aScience policy studies and documents ; _v74 |
|
| 690 | _aPolítica científica - Economía de mercado libre | ||
| 690 | _aFinanciación de la ciencia - Investigación y desarrollo | ||
| 690 | _aEuropa Oriental - Política científica - Científicos | ||
| 710 | 2 | _aUNESCO | |
| 905 | _aUNESCO | ||
| 999 |
_c130558 _d130558 |
||